000 00555nam a2200193Ia 4500
005 20250508164643.0
008 008 250505s9999 xx 000 0 eng d
037 _aTextual
040 _aFEDL
_beng
_cFEDL
041 _aeng
_2eng
084 _a305, ASI
_qFEDL
245 0 _aPeople of India: Haryana. Vol 23
245 0 _cANTHROPOLOGICAL SURVEY OF INDIA
260 _aNew Delhi, India
_bManohar Publication and Distributors
_c1994
300 _axix,528p.
365 _aINR
_b400
942 _cTEXL
_h305, ASI
999 _c1390358
_d1390358